| 000 | 00641nam a2200193 a 4500 | ||
|---|---|---|---|
| 005 | 20210223130201.0 | ||
| 008 | 070328s1971 mx r 000 0 spa d | ||
| 035 | _aUPN01000150037 | ||
| 049 | _aCG | ||
| 050 | 4 |
_aLB3051 _bL9.8 1971 |
|
| 100 | 1 |
_aLiman, Howard Burbeck, _d1920- |
|
| 245 | 1 | 0 |
_aTest scores and what they mean / _cHoward B. Lyman. |
| 250 | _a2a ed. | ||
| 260 |
_aEnglewood Clifs, N.J. : _bPrentice-Hall, _cc1971. |
||
| 300 | _a200 p. | ||
| 650 | 4 |
_aMEDICIONES Y PRUEBAS EDUCATIVAS - _zESTADOS UNIDOS - _xINTERPRETACION _98164 |
|
| 650 | 4 |
_aMEDICIONES Y PRUEBAS EDUCATIVAS - _xVALIDEZ - _zESTADOS UNIDOS _98165 |
|
| 905 | _aLibro | ||
| 999 |
_c122178 _d122178 |
||